00781cam a22002057a 4500003000500000005001700005008004100022010001000063011001000073035001000083040000900093100003400102245019500136260004100331300002100372502011200393650001800505650002700523650002500550CHAP20220329135529.0971013s1980 r 00010 d a38100 a39072 a43192 cCHAP00aMiranda Lima, Cosme Damián.13aLa densidad de siembra en cuatro variedades braquíticas de maíz (Zea mays L.) y el efecto sobre la producción de grano, forraje y caracteres agronómicos: verano de 1979 Apodaca, N.L. a(Monterrey, N.L.) :bEl autor,c1980 a82 h.b; gráfs aTesis (Ing. Agrónomo en Producción Agropecuaria) -- ITESM. Div. de Ciencias Agropecuarias y Marítimas14aMaíz enano.14aMaízxEspaciamiento.14aMaízxRendimiento.